How to win the siting war : a series of case studies on diting municipal solid waste management facilities

Saved in:
Bibliographic Details
Main Author: Longo, Dean A.
Format: Book
Language:English
Published: Spring : SWANA, 1992
Subjects:
Tags: Add Tag
No Tags, Be the first to tag this record!

MARC

LEADER 00000nam a2200000 i 4500
001 1/18107
008 000507s1992 eng d
035 |l 10020798 
040 |a GR-MY-UA  |b gre  |e aacr 
041 0 |a eng 
082 0 |a 628.445640973 
100 1 |a Longo, Dean A. 
245 1 0 |a How to win the siting war :  |b a series of case studies on diting municipal solid waste management facilities /  |c by Dean A. Longo 
260 |a Spring :   |b SWANA,   |c 1992 
300 |a 28 p.  |b tabl. 
650 0 0 |a Sanitary landfills  |z United States  |x Case studies. 
650 0 0 |a Refuse and refuse disposal  |z United States  |x Case studies. 
852 |a INST  |b LESVOS  |e 20000507  |h 628.44560973 LON  |p 005100021277  |q 005100021277  |t BK  |y 0 
901 |a BIBL1-2000-2 
909 |a Λ  |b 059391 
922 |a 1ΕΛΗ  |b 199809  |c ΚΠΣ/ΤΠ  |d ΠΑΠΑΣΩΤΗΡΙΟΥ 
950 |a 107-1998-04-08 
970 |z 2000/05/ΜΙΧΑΗΛΙΔΟΥ ΑΝΝΑ